000 00492nam a22001937a 4500
003 MPLRDC
005 20220104143927.0
008 210129b ||||| |||| 00| 0 eng d
020 _a7-80622-407-6
082 _a782.891 SMS-2
100 _a张国安
245 _a红尘孤旅苏曼殊
_c
250 _a一版一刷
260 _a
_b上海书店出版社
_c1999
300 _b
490 _a中国文化名人传记丛书
650 _a苏曼殊传记
942 _cBK
_o782.891 SMS-2
999 _c44721
_d44711